000 01232nam0a2200313 4500
001 RU\NLR\BIBL_A\012313528
005 20250624014035.0
035 _a(NLR Aleph) 012313528
090 _a11382962
_c11382962
100 _a20200813d1930 |||y0rusy50 ca
101 0 _aady
102 _aRU
105 _aa z 000 y
181 0 _ai
_baxxe
182 0 _an
200 1 _aТхъу къызхэкIрэ тыгъэдэраз (семчык)
_fзыздзэкIыгъэр Цумыкъо Iэ. Iи.
203 _aТекст
_bвизуальный
_cнепосредственный
205 _aя 2-рэ тедз.
_bгъэтэрэзыжьэгъэу фджри хэгъэхьуугъэу
210 _aКраснодар
_cАдыгэ тхылъ тедз
_d1930
215 _a42 с.
_cил.
_d17
300 _aЛатин. графика
541 1 _aМасличный подсолнух
_zrus
606 1 _aПодсолнечник
_91645364
_3RU\NLR\AUTH\66727945
686 1 _aП214.1
700 1 _4070
_7ca
_8rus
_aПушкарев
_bН. И.
_cагроном
_f1889-
_gНиколай Игнатьевич
_9191626
_3RU\NLR\AUTH\770191677
852 _aNLR
_bОНЛ
_jАдыг./2-27
942 _cBOOK
980 _aNB